000 00746nam a2200229Ia 4500
003 OSt
005 20220926021147.0
006 a|||||r|||| 00| 0
007 ta
008 220923b |||||||| |||| 00| 0 eng d
037 _cGeneral Book
040 _aRTL
_cRTL
_beng
041 _2eng
_aeng
082 _aV1N45 , 3 : 3 . N70, L1/UN
110 _aUNITED NATIONS , GENERAL ASSEMBLY .
_999298
245 0 _aResolution adopted by the general assembly its twenty-fiffth session 15 sept -- 17 Dec 1970 .
260 _aNew York
_bU.N.
_c1971
300 _axiv , 146
_ccm.
700 _aUNITED NATIONS , GENERAL ASSEMBLY .
_999299
942 _hV1N45 , 3 : 3 . N70, L1/UN
_cGB
_2CC
999 _c635999
_d635999